000 00848nam a2200205 a 4500
001 000041522
005 20201002035624.0
008 131009s1987 sp 000 0 spa d
020 _a8400065549(v.1)
020 _a8400066626(v.2)
040 _aDO-SdBNP
_bspa
_cBNPHU
100 1 _aAldea Vaquero, Quintín
_968022
245 1 0 _aIglesia y Sociedad en la España del siglo XX :
_bcatolicismo social (1909 - 1940). 1, 1909 - 1917 /
_cQuintín Aldea Vaquero, Joaquín García Granda, Jesús Martín Tejedor.
260 _aMadrid :
_bConsejo Superior de Investigaciones Científicas (Espña),
_c1987.
300 _av. ;
_c24 cm.
505 0 _av. 1
_t1909-1917
_gv. 2
_t1918- 1920
500 _aIncluye referencias bibliográficas y notas al pie de las páginas
700 1 _aGarcía Granda, Joaquín,
_968246
700 1 _aMartín Tejedor, Jesús,
_968247
999 _c41012
_d41012